000 00589nam a2200169Ia 4500
008 090123s9999 xx 000 0 und d
082 _b41525
100 _aतांबळे ज्ञानेश्वर
245 _aश्रीकृष्णबोध
250 _a1
260 _bशारदा प्रकाशन
_c1988
600 _aतांबळे ज्ञानेश्वर
630 _aश्रीकृष्णबोध
700 _aतांबळे ज्ञानेश्वर
730 _aश्रीकृष्णबोध
942 _cBOOK
999 _c79601
_d79601